000 00703nam a22002057a 4500
999 _c9987
_d9987
003 AR-CdUCM
008 190329b ||||| |||| 00| 0 spa d
040 _aMUNICIPALIDAD PROVINCIAL DEL CUSCO
_cBIBLIOTECA MUNICIPAL DEL CUSCO
082 _a335.4 /
_bR84 / 1933
100 _aMuzzopappa, Alfredo
_926566
245 _aMarxismo 1933 /
260 _aBuenos Aires :
_bClaridad,
_c1933.
300 _a121 páginas ;
_c15 cm.
505 _aContenido : Prefacio de la primera edición -- Las ilusiones democráticas -- Democracia real y no formal -- Resistencias burguesas ...
650 _aPolítica
_9291
650 _aMarxismo
_924
650 _aCapitalismo
_93221
942 _2ddc
_cLIBROS
945 _arah